| 000 | 00393nam a2200157Ia 4500 | ||
|---|---|---|---|
| 008 | 230917s9999||||xx |||||||||||||| ||und|| | ||
| 040 |
_e101931 _aMAIN |
||
| 041 | _aEnglish | ||
| 082 | _a658.81-D169S | ||
| 100 | _aDalrymple , Douglas J | ||
| 245 | 0 | _aSales management concepts and cases | |
| 250 | _a7th ed. | ||
| 260 |
_aNew Delhi _bJohn wiley _c2003 |
||
| 300 | _a583p p. | ||
| 942 | _cBK | ||
| 999 |
_c110441 _d110441 |
||